Personnages de Mob Psycho 100 - Statistiques

Statistiques générales
  • Ce quiz a été pris 27 fois
  • Le résultat moyen est 4 sur 39
Statistiques - réponses
Hint Réponse % Correct
Personnage principal Shigeo Kageyama
100%
Boss du bureau des esprits et autres trucs Arataka Reigen
82%
Esprit et meilleur ami du personnage principal Smile
82%
Frère du personnage principal Ritsu Kageyama
73%
Employé du bureau des esprits et autres trucs #1 Katsuya Serizawa
36%
Employée du bureau des esprits et autres trucs #2 Tome Kurata
23%
Président du club de culturisme Musashi Goda
18%
Président du BDE Shinji Kamuro
9%
Membre du club de culturisme #5 Tenga Onigawara
9%
Fille dont le personnage principal est amoureux Tsubomi Takane
9%
Membre du club de journalisme Ichi Mezato
5%
Ancienne "amoureuse" du personnage principal Emi
0%
Chasseur de fantôme Haruaki Amasuka
0%
Membre du club de télépathie #2 Haruto Kijibayashi
0%
Membre du club de culturisme #1 Hideki Yamamura
0%
Vice-président du BDE Hikaru Tokugawa
0%
Membre du club de culturisme #2 Hiroshi Kumagawa
0%
Personnage des 5 fantastiques #1 Hiroshi Shibata
0%
Leader de la section n°7 Ishiguro
0%
Membre du club de culturisme #3 Jun Sagawa
0%
Membre du club de télépathie #1 Mameta Inukawa
0%
Personnage des balafrés #1 Matsuo
0%
Personnage des balafrés #2 Megumu Koyama
0%
Personnage des balafrés #3 Miyagawa
0%
Membre du club de télépathie #3 Momozo Takenaka
0%
Personnage des balafrés #6 Mukai
0%
Personnage des balafrés #4 Muraki
0%
Personnage des balafrés #5 Muto
0%
Personnage des 5 fantastiques #2 Nozomu Hatori
0%
Membre du club de culturisme #4 Ryohei Shimura
0%
Personnage des 5 fantastiques #3 Ryo Shimazaki
0%
Membre du club de télépathie #4 Shirihiko Saruta
0%
Personnage des balafrés #7 Takeuchi
0%
Personnage des balafrés #8 Terada
0%
Boss ultime de la Griffe Toichiro Suzuki
0%
Personnage des 5 fantastiques #4 Toshiki Minegishi
0%
Personnage des balafrés #9 Tsuchiya
0%
Ami du 5ème membre du club de culturisme Yamazaki
0%
Personnage des balafrés #10 Yusuke Sakurai
0%
Aucun quiz correspondant
Distribution des résultats
% des personnes avec chaque résultat
Percentile par nombre de réponses
Votre historique - résultats
Vous n’avez pas pris ce quiz